[Event "MetroWest CC Summer op"]
[Site "Natick"]
[Date "2003.??.??"]
[Round "2"]
[White "Ruthramoorthy, Navaneetha"]
[Black "Abbot, Ames"]
[Result "1-0"]
[WhiteElo "1880"]
[BlackElo "1750"]
[PlyCount "87"]
[EventDate "2003.??.??"]
[EventType "swiss"]
[EventRounds "4"]
[EventCountry "USA"]
[SourceTitle "EXT 2007"]
[Source "ChessBase"]
[SourceDate "2006.11.23"]
[SourceVersion "1"]
[SourceVersionDate "2006.11.23"]
[SourceQuality "1"]

1. e4 e5 2. Nf3 Nc6 3. Bb5 a6 4. Ba4 Nf6 5. 0-0 Be7 6. Re1 b5 7. Bb3 0-0 8. c3 d5 9. exd5 Nxd5 10. Nxe5 Nxe5 11. Rxe5 c6 12. d4 Bd6 13. Re1 Qh4 14. g3 Qh3 15. Be3 Bg4 16. Qd3 Rfe8 17. Bxd5 cxd5 18. Nd2 Re6 19. Bg5 Rae8 20. Rxe6 Rxe6 21. Qf1 Qh5 22. Be3 f5 23. Re1 f4 24. Bxf4 Bh3 25. Rxe6 Bxf1 26. Bxd6 Bh3 27. Re1 Qg6 28. Bf4 Qc2 29. Nf3 h6 30. Bc1 Bg4 31. Ne5 Bd1 32. Bf4 Be2 33. Nc6 Bf3 34. Bc1 Kf8 35. Ne5 Bd1 36. Bf4 Be2 37. Nd7+ Kf7 38. Ne5+ Kf6 39. Nd7+ Kf5 40. Bc1 Kg4 41. Ne5+ Kh3 42. a3 Qe4 43. f3 Qc2 44. Ng4 1-0

[Event "MetroWest CC Winter Warmer op"]
[Site "Natick"]
[Date "2003.??.??"]
[Round "3"]
[White "Ruthramoorthy, Navaneetha"]
[Black "Martin, John"]
[Result "0-1"]
[WhiteElo "1775"]
[BlackElo "1820"]
[PlyCount "58"]
[EventDate "2003.??.??"]
[EventType "swiss"]
[EventRounds "4"]
[EventCountry "USA"]
[SourceTitle "EXT 2007"]
[Source "ChessBase"]
[SourceDate "2006.11.23"]
[SourceVersion "1"]
[SourceVersionDate "2006.11.23"]
[SourceQuality "1"]

1. e4 d5 2. exd5 Nf6 3. d6 Qxd6 4. Nf3 Bg4 5. Be2 e6 6. d4 Nbd7 7. c4 c5 8. Nc3 cxd4 9. Nb5 Qb6 10. Nbxd4 Bc5 11. 0-0 0-0 12. Nb3 Rfd8 13. Nxc5 Nxc5 14. Qc2 Bf5 15. Qc3 Ng4 16. Be3 Ne4 17. Bxb6 Nxc3 18. bxc3 axb6 19. Nh4 Rd2 20. Bf3 Raxa2 21. Nxf5 exf5 22. h3 Nf6 23. Bxb7 Ne4 24. Bd5 Nxc3 25. Rxa2 Rxa2 26. Re1 Kf8 27. Bc6 Re2 28. Ra1 Ra2 29. Rc1 Ne2+ 0-1